| 000 | 00546nam a22002177a 4500 | ||
|---|---|---|---|
| 003 | OSt | ||
| 005 | 20180404143603.0 | ||
| 008 | 160922b xxu||||| |||| 00| 0 eng d | ||
| 020 | _a978-0-521-73295-6 | ||
| 040 | _cCRI | ||
| 082 | _a823 | ||
| 100 | 1 |
_918140 _aProwse, Philip |
|
| 245 |
_aWHY? _cPhilip Prowse |
||
| 260 |
_aNew York _bCambridge _c2008 |
||
| 300 |
_a32 p. _c20 cm |
||
| 490 | _aPhilip Prowse | ||
| 500 | _aÏndice: p. [3] | ||
| 505 | _aLevel 3 | ||
| 650 | 0 |
_911162 _aNovela inglesa _xLecturas |
|
| 942 |
_2ddc _cBK _hprozim |
||
| 999 |
_c25987 _d25987 |
||